000 00465nam a2200181Ia 4500
001 2978
005 20260306144847.0
008 260306t2016||||xx |||||||||||||| ||spa||
041 _aESP
082 _a238.2
_bR29 2016
100 _aRatzinger, Joseph
_eAUT
245 0 _aIntroducción al cristianismo:
_blecciones sobre el credo apostólico
260 _c2016
300 _a318 páginas :
_c21 cm.
650 _aGEN
654 _aCHU
942 _cLIB
_dJUS
_fJUS
_2ddc
_n
999 _c2978
_d2978